| 000 | 00638nam a2200205Ia 4500 | ||
|---|---|---|---|
| 999 |
_c10366 _d10366 |
||
| 008 | 200103 1971 s||||xx |||||||||||||| ||und|| | ||
| 082 |
_a670.42 _bCHO |
||
| 100 | _aChoudhury, S. K. Hajra | ||
| 245 | 0 | _aElements of workshop technology: machine tools, Vol. 2 | |
| 250 | _a2nd Rev. | ||
| 260 |
_bAsia Publishing House _c1971 _aBombay |
||
| 300 | _aviii, 572 p.: ill. | ||
| 504 | _aIncludes appendix and index | ||
| 650 | _aMachine-shop practice | ||
| 650 | _aMachine-tools | ||
| 650 | _aWorkshops - Equipment and supplies | ||
| 700 |
_aBose, S. K _eCo-author |
||
| 700 |
_aBhattacharya, S.C. _eCollaborator |
||
| 942 | _cBK | ||